Statystyki dla Państwa według jednej podpowiedzi #12

Kliknij tutaj aby rozwiązać quiz!

Ogólne statystyki

  • Ten quiz został rozwiązany 8 253 razy
  • Średni wynik to 12 z 20

Statystyki odpowiedzi

Podpowiedź:Państwo% Poprawnych
Leży tam Wielki Sfinks.Egipt
99%
Messi i Maradona urodzili się w tym państwie.Argentyna
95%
Jego stolicą jest Mińsk.Białoruś
83%
Wielokrotnie groziło użyciem broni jądrowej Stanom Zjednoczonym i innym państwom.Korea Północna
82%
Jego największym miastem jest Dubaj.Zjednoczone Emiraty Arabskie
79%
Jest największym wyspiarskim państwem leżącym na Morzu Karaibskim.Kuba
78%
Z tego państwa pochodzą matrioszki.Rosja
74%
Laponia jest najbardziej wysuniętym na północ regionem tego państwa.Finlandia
69%
Leży tam stolica dawnego Imperium Inków.Peru
66%
Most łączy to państwo z Singapurem.Malezja
61%
Rosja zaatakowała to państwo w 2008 roku w celu zajęcia Osetii Południowej.Gruzja
57%
Ser feta pochodzi z tego państwa.Grecja
55%
Państwo, którego król przyznaje 5 z 6 Nagród Nobla.Szwecja
55%
To azjatyckie państwo leży tylko 20 kilometrów od Dżibuti.Jemen
45%
Mieści się tu Międzynarodowy Trybunał Sprawiedliwości.Holandia
41%
Te "Sfederowane Stany" obejmują 607 małych pacyficznych wysp.Mikronezja
39%
Jest najbiedniejszym państwem obu Ameryk.Haiti
36%
Leży tam Salto Angel - najwyższy wodospad na świecie.Wenezuela
28%
Kiedyś znane było jako _____ Zachodnie, żeby odróżnić je od _____ Amerykańskiego.Samoa
22%
Jego stolica gościła Zimowe Igrzyska Olimpijskie 1984.Bośnia i Hercegowina
14%

Rozkład punktacji

Percentyl według liczby udzielonych odpowiedzi

Procent ludzi z każdym wynikiem

Twoja historia wyników

Nie rozwiązałeś tego quizu